<?xml version="1.0" encoding="UTF-8"?>
<record
    xmlns:xsi="http://www.w3.org/2001/XMLSchema-instance"
    xsi:schemaLocation="http://www.loc.gov/MARC21/slim http://www.loc.gov/standards/marcxml/schema/MARC21slim.xsd"
    xmlns="http://www.loc.gov/MARC21/slim">

  <leader>00808nam0a2200265   4500</leader>
  <controlfield tag="001">RU\NLR\ONL1\12305</controlfield>
  <controlfield tag="005">20250613121307.0</controlfield>
  <datafield tag="035" ind1=" " ind2=" ">
    <subfield code="a">(NLR Aleph) 009641049</subfield>
  </datafield>
  <datafield tag="090" ind1=" " ind2=" ">
    <subfield code="a">9546115</subfield>
    <subfield code="c">9546115</subfield>
  </datafield>
  <datafield tag="100" ind1=" " ind2=" ">
    <subfield code="a">20070913d1969    |||y0rusy50      ca</subfield>
  </datafield>
  <datafield tag="101" ind1="0" ind2=" ">
    <subfield code="a">udm</subfield>
  </datafield>
  <datafield tag="102" ind1=" " ind2=" ">
    <subfield code="a">RU</subfield>
  </datafield>
  <datafield tag="105" ind1=" " ind2=" ">
    <subfield code="a">a |||||||||</subfield>
  </datafield>
  <datafield tag="200" ind1="1" ind2=" ">
    <subfield code="a">&#x428;&#x443;&#x43D;&#x434;&#x44B; &#x44D;&#x43C;&#x430;&#x441;&#x43F;&#x438;</subfield>
    <subfield code="f">[&#x445;&#x443;&#x434;&#x43E;&#x436;. &#x418;. &#x410;. &#x411;&#x443;&#x43B;&#x433;&#x430;&#x43A;&#x43E;&#x432;</subfield>
  </datafield>
  <datafield tag="210" ind1=" " ind2=" ">
    <subfield code="a">&#x418;&#x436;&#x435;&#x432;&#x441;&#x43A;</subfield>
    <subfield code="c">&#x423;&#x434;&#x43C;&#x443;&#x440;&#x442;&#x438;&#x44F;</subfield>
    <subfield code="d">1969]</subfield>
  </datafield>
  <datafield tag="215" ind1=" " ind2=" ">
    <subfield code="a">16 &#x441;.</subfield>
    <subfield code="c">&#x438;&#x43B;.</subfield>
    <subfield code="d">22</subfield>
  </datafield>
  <datafield tag="541" ind1="1" ind2=" ">
    <subfield code="a">&#x417;&#x44F;&#x442;&#x44C; &#x441;&#x43E;&#x43B;&#x43D;&#x446;&#x430;</subfield>
    <subfield code="e">&#x441;&#x43A;&#x430;&#x437;&#x43A;&#x430;: &#x434;&#x43B;&#x44F; &#x43C;&#x43B;. &#x448;&#x43A;. &#x432;&#x43E;&#x437;&#x440;&#x430;&#x441;&#x442;&#x430;</subfield>
    <subfield code="z">rus</subfield>
  </datafield>
  <datafield tag="686" ind1="1" ind2=" ">
    <subfield code="a">&#x428;9(2)3=&#x423;-2</subfield>
  </datafield>
  <datafield tag="702" ind1=" " ind2="1">
    <subfield code="a">&#x411;&#x443;&#x43B;&#x433;&#x430;&#x43A;&#x43E;&#x432;</subfield>
    <subfield code="b">&#x418;. &#x410;.</subfield>
    <subfield code="4">440</subfield>
  </datafield>
  <datafield tag="801" ind1=" " ind2="0">
    <subfield code="a">RU</subfield>
    <subfield code="b">NLR</subfield>
    <subfield code="c">20070913</subfield>
    <subfield code="g">PSBO</subfield>
  </datafield>
  <datafield tag="852" ind1=" " ind2=" ">
    <subfield code="a">NLR</subfield>
    <subfield code="b">&#x41E;&#x41D;&#x41B;</subfield>
    <subfield code="j">&#x423;&#x434;&#x43C;&#x443;&#x440;./3-1056</subfield>
  </datafield>
  <datafield tag="942" ind1=" " ind2=" ">
    <subfield code="c">BOOK</subfield>
  </datafield>
  <datafield tag="980" ind1=" " ind2=" ">
    <subfield code="a">NB</subfield>
  </datafield>
  <datafield tag="995" ind1=" " ind2=" ">
    <subfield code="5">2013-10-26</subfield>
    <subfield code="b">NLR01</subfield>
    <subfield code="c">NLR01</subfield>
    <subfield code="e">ONL</subfield>
    <subfield code="f">9641049-10</subfield>
    <subfield code="k">&#x423;&#x434;&#x43C;&#x443;&#x440;./3-1056</subfield>
    <subfield code="o">0</subfield>
    <subfield code="r">BOOK</subfield>
    <subfield code="s">31056_</subfield>
  </datafield>
</record>
